000 00634nam a2200181Ia 4500
008 140925s9999 xx 000 0 und d
020 _a2147-4486
245 _aInternational Journal of Finance & Banking Studies /
_h[electronic resource]
260 _bSociety for the Study of Business and Finance,
516 _aElectronic text
650 _aBanking Studies.
650 _aFinancial Management.
650 _aJournal.
830 _aSociety for the Study of Business and Finance
856 _uhttp://www.ssbfnet.com/journals/international-journal-of-finance-banking-studies
942 _cEJ
999 _c275658
_d275658